00801nam a2200229Ia 4500003000400000005001700004008004100021020001500062040001800077041000800095082002300103100002900126245005700155250001200212260005000224300003000274650004900304650005200353942003600405999001900441952011100460OSt20241008150944.0210716s2001 xx 000 0 und d a1893115410 cAIMIT LIBRARY aeng a005.1332 21bGUNE aGunnerson, Eric.9181855 aProgrammers introduction to c# /cBy Eric Gunnerson. a2nd ed. aNew Delhi :bThomson Press India Ltd ;c2001. axxvii,540p. ;bPBc23 cm. aMember accessibility and overloading9181856 aSystem array and the collection classes9181857 2ddccBKe1st ed.k005.1332 GUNE c184796d184796 001040708MCAaAIMITbAIMITd2021-07-16l0o005.1332 GUNEpMCA04304r2025-07-21 00:00:00w2021-07-16yBK